Los virreyes de Nueva España en el reinado de Carlos IV (Record no. 182138)
[ view plain ]
| 000 -LEADER | |
|---|---|
| campo de control de longitud fija | 00818nam a2200193 i 4500 |
| 001 - NÚMERO DE CONTROL | |
| campo de control | 182138 |
| 003 - IDENTIFICADOR DE NÚMERO DE CONTROL | |
| campo de control | ES-MaACL |
| 005 - FECHA Y HORA DE LA ÚLTIMA TRANSACCIÓN | |
| campo de control | 20230906221534.0 |
| 008 - DATOS DE LONGITUD FIJA--INFORMACIÓN GENERAL | |
| campo de control de longitud fija | 130619s1972 sp |||| | spa d |
| 080 ## - NÚMERO DE LA CLASIFICACIÓN DECIMAL UNIVERSAL | |
| Número de la Clasificación Decimal Universal | 972"1540/1810" |
| 100 1# - ENTRADA PRINCIPAL--NOMBRE DE PERSONA | |
| Nombre de persona | Calderón Quijano, José Antonio. |
| 9 (RLIN) | 33626 |
| 245 14 - MENCIÓN DEL TÍTULO | |
| Título | Los virreyes de Nueva España en el reinado de Carlos IV |
| Resto del título | : estudio preliminar / |
| Mención de responsabilidad, etc. | José Antonio Calderón Quijano. |
| 260 ## - PUBLICACIÓN, DISTRIBUCIÓN, ETC. | |
| Lugar de publicación, distribución, etc. | Sevilla : |
| Nombre del editor, distribuidor, etc. | Escuela de Estudios Hispanoamericanos, |
| Fecha de publicación, distribución, etc. | 1972. |
| 300 ## - DESCRIPCIÓN FÍSICA | |
| Extensión | 30 p. ; |
| Dimensiones | 24 cm. |
| 595 ## - | |
| -- | Tirada aparte del tomo I de la obra "Los virreyes de Nueva España en el reinado de Carlos IV" dirigida por José Antonio Calderón Quijano. |
| 650 #4 - PUNTO DE ACCESO ADICIONAL DE MATERIA--TÉRMINO DE MATERIA | |
| Término de materia o nombre geográfico como elemento de entrada | Virreyes- |
| Subdivisión geográfica | México. |
| 9 (RLIN) | 152923 |
| 651 #4 - PUNTO DE ACCESO ADICIONAL DE MATERIA--NOMBRE GEOGRÁFICO | |
| Nombre geográfico | México- |
| Subdivisión general | Historia- |
| Subdivisión cronológica | 1521-1821, Época colonial. |
| 9 (RLIN) | 158070 |
| 852 ## - LOCALIZACIÓN | |
| Ubicación | ES-MaACL |
| Número de control de estantería | 2190-F-28 |
| Estatus retirado | Estado de pérdida | Estado de daño | No para préstamo | Colección | Biblioteca de origen | Biblioteca actual | Ubicación en estantería | Fecha de adquisición | Fuente de adquisición | Total de préstamos | Signatura topográfica completa | Código de barras | Visto por última vez | Precio de reemplazo | Tipo de ítem Koha |
|---|---|---|---|---|---|---|---|---|---|---|---|---|---|---|---|
| Colección de folletos | Biblioteca del Ateneo de Madrid | Biblioteca del Ateneo de Madrid | Depósito folletos | 19/06/2013 | 2190-F-28 | 1191407 | 23/02/2023 | 23/02/2023 | Folleto |
